000 00397pam a2200157a 44500
008 230405s1967 xxu||||| |||| 00| 0 eng d
041 _aENG
100 _aChaitely D.V.
245 _aAll India Reporter -1967 MP,Madras,Manipur
260 _aNagpur
_bThe All India Reporter
_c1967
300 _a45p.
440 _ahind law house pune
650 _aREPORTS
690 _aREPORTS
906 _a793
999 _c271772
_d271772